| 000 | 00764nam a2200241 i 4500 | ||
|---|---|---|---|
| 001 | 170047 | ||
| 003 | ES-MaACL | ||
| 005 | 20250516162413.0 | ||
| 008 | 090119s1999 fr |||| |bfre d | ||
| 020 | _a2-07-074803-0 | ||
| 080 | _a929 Bizet | ||
| 100 | 1 |
_aStricker, Rémy. _9108429 |
|
| 245 | 1 | 0 |
_aGeorges Bizet _b: 1838-1875 / _cRémy Stricker. |
| 260 |
_a[Paris] : _bGallimard, _c1999. |
||
| 300 |
_a377, [2] p.,[8] p. de lám. : _bil., mús. ; _c24 cm. |
||
| 490 | 1 | _aNRF biographies | |
| 500 | _aÍndices. | ||
| 504 | _aBibliografía. | ||
| 600 | 1 | 7 |
_aBizet, Georges, _d1838-1875 _2embne _9240503 |
| 830 | 0 |
_aNRF biographies _9222948 |
|
| 852 |
_aES-MaACL _jE-12397 _z. - Biblioteca Jacinto Martínez Lacalle |
||
| 999 |
_c170047 _d170047 |
||